| 000 | 00364nam a2200157Ia 4500 | ||
|---|---|---|---|
| 100 | _aSherlock james | ||
| 650 | _aElectrical Engineering | ||
| 942 | _cBK | ||
| 654 | _acommunication | ||
| 245 | _aA guide to techincal communication | ||
| 260 |
_bAllyn and Bacon _aBoston _c1985 |
||
| 082 |
_a808.0666 _bSHE |
||
| 300 | _a305 | ||
| 546 | _aENGLISH | ||
| 999 |
_c31831 _d31831 |
||